000 00705nam a2200217 i 4500
001 59977
003 ES-MaACL
005 20250827062605.0
007 t|
008 031031s1985 sp ||||1| spa d
020 _a84-7088-403-4
110 1 _aEspaña
_93622
240 1 0 _aLey de régimen local, 1985
245 1 0 _aLey reguladora de las bases del régimen local, 2 de abril de 1985.
260 _aMadrid :
_bInstituto de Estudios de Administración Local,
_c1985.
300 _a145 p. ;
_c18 cm.
710 2 _aInstituto de Estudios de Administración Local (España)
_94893
740 0 _aLey de régimen local, 1985.
852 _aES-MaACL
_jL-8639
_bR.108609
999 _c59977
_d59977